00716nam a2200229 i 4500001000700000003000900007005001700016007000300033008004100036080001100077080001200088100002400100245006800124250001300192260006100205300002200266500007700288650002800365650003500393700002500428852003300453102599ES-MaACL20230906183136.0t|051122s1975 pr ||||1| eng d a338.98 a658.0121 aTugwell, Rexford G.10aTugwell's thoughts on planning / cSalvador M. Padilla, editor. a1st. ed. a[Río Piedras ?] : bUniversity of Puerto Rico, c1975. a236 p. ; c22 cm. aPrecede al tit.: Graduate School of Planning, University of Puerto Rico.14aPolítica económica.14aPlanificación estratégica.1 aPadilla, Salvador M. aES-MaACLjE-11087 bR.136766